Southville International School and Colleges
Your cart is empty.
  • Cart
  • Lists
    Public lists Eva Luna New books Lux_list list_1
    Your lists Log in to create your own lists
  • Log in to your account
  • Your cookies
  • Search history
Southville International School and Colleges
  • Advanced search
  • Recent comments
  • Most popular
  • Libraries

Log in to your account

Log in with GOOGLE


If you do not have an external account, but do have a local account, you can still log in:

  1. Home
  2. MARC view: The Adventures of Maya the Bee
Normal view MARC view ISBD view

The Adventures of Maya the Bee (Record no. 251609)

[ view plain ]
MARC details
000 -LEADER
fixed length control field 00830cam a22002893a 4500
001 - CONTROL NUMBER
control field 22354
003 - CONTROL NUMBER IDENTIFIER
control field PGUSA
005 - DATE AND TIME OF LATEST TRANSACTION
control field 20140828083457.0
008 - FIXED-LENGTH DATA ELEMENTS--GENERAL INFORMATION
fixed length control field 070819s2007||||xxu|||||s|||||000 | eng d
040 ## - CATALOGING SOURCE
Original cataloging agency PGUSA
Language of cataloging eng
042 ## - AUTHENTICATION CODE
Authentication code dc
050 #4 - LIBRARY OF CONGRESS CALL NUMBER
Classification number PZ
050 #4 - LIBRARY OF CONGRESS CALL NUMBER
Classification number PT
100 1# - MAIN ENTRY--PERSONAL NAME
Personal name Bonsels, Waldemar,
Dates associated with a name 1880-1952
245 14 - TITLE STATEMENT
Title The Adventures of Maya the Bee
Medium [electronic resource] /
Statement of responsibility, etc Waldemar Bonsels
260 ## - PUBLICATION, DISTRIBUTION, ETC. (IMPRINT)
Name of publisher, distributor, etc Project Gutenberg,
Date of publication, distribution, etc 2007
506 ## - RESTRICTIONS ON ACCESS NOTE
Terms governing access Public domain in the USA.
516 ## - TYPE OF COMPUTER FILE OR DATA NOTE
Type of computer file or data note Electronic text
653 ## - INDEX TERM--UNCONTROLLED
Uncontrolled term Children's literature
653 ## - INDEX TERM--UNCONTROLLED
Uncontrolled term Bees -- Folklore
700 1# - ADDED ENTRY--PERSONAL NAME
Personal name Guiterman, Arthur,
Dates associated with a name 1871-1943
700 1# - ADDED ENTRY--PERSONAL NAME
Personal name Seltzer, Adele Szold,
Dates associated with a name 1876-1940
700 1# - ADDED ENTRY--PERSONAL NAME
Personal name Boss, Homer,
Dates associated with a name 1882-1956
830 #0 - SERIES ADDED ENTRY--UNIFORM TITLE
Uniform title Project Gutenberg
Volume number/sequential designation 22354
856 40 - ELECTRONIC LOCATION AND ACCESS
Uniform Resource Identifier <a href="http://www.gutenberg.org/ebooks/22354">http://www.gutenberg.org/ebooks/22354</a>
942 ## - ADDED ENTRY ELEMENTS (KOHA)
Koha item type eBooks
Holdings
Withdrawn status Lost status Damaged status Home library Current library Date acquired Total Checkouts Date last seen Price effective from Koha item type
      Project Gutenberg Project Gutenberg 08/28/2014   08/28/2014 08/28/2014 eBooks

The Adventures of Maya the Bee

APA

Bonsels W., Guiterman A., Seltzer A. S. & Boss H. (2007). The Adventures of Maya the Bee. : Project Gutenberg.

Chicago

Bonsels Waldemar, Guiterman Arthur, Seltzer Adele Szold and Boss Homer. 2007. The Adventures of Maya the Bee. : Project Gutenberg.

Harvard

Bonsels W., Guiterman A., Seltzer A. S. and Boss H. (2007). The Adventures of Maya the Bee. : Project Gutenberg.

MLA

Bonsels Waldemar, Guiterman Arthur, Seltzer Adele Szold and Boss Homer. The Adventures of Maya the Bee. : Project Gutenberg. 2007.

  • Place hold
  • Print
  • Cite
  • Add to your cart (remove)
  • Save record
    BIBTEX Dublin Core MARCXML MARC (non-Unicode/MARC-8) MARC (Unicode/UTF-8) MARC (Unicode/UTF-8, Standard) MODS (XML) RIS
  • More searches
    Search for this title in:
    Other Libraries (WorldCat) Other Databases (Google Scholar) Online Stores (Bookfinder.com) Open Library (openlibrary.org)

Exporting to Dublin Core...

SOUTHVILLE LIBRARY

Southville International School and Colleges Library

1281 Tropical Ave. Cor. Luxembourg St., BF Homes International, Las Pinas City

Tel. No. 8256374 / 252358 Loc. 117/146

Powered by Koha